| 000 | 00633nam a2200193 4500 | ||
|---|---|---|---|
| 003 | IeDuTC | ||
| 005 | 20181127174102.0 | ||
| 008 | 960920r19921976enk 000 1 eng | ||
| 020 | _a9788124800171 | ||
| 100 | 1 |
_aJoyce, James, _d1882-1941. |
|
| 245 | 1 | 2 |
_aA portrait of the artist as a young man / _cJames Joyce. |
| 260 |
_aChennai : _bPeacock books, _c2015. |
||
| 300 |
_a234 p. ; _c19 cm. |
||
| 590 | _aElectronic copy available on RTC Cloud in "Library" folder | ||
| 650 |
_aArtists _vFiction. _x _y _z _2 |
||
| 650 |
_aYoung men _vFiction. _x _y _z _2 |
||
| 651 |
_aDublin (Ireland) _vFiction. _x _y _z _2 |
||
| 830 | 0 | _aPenguin popular classics. | |
| 999 |
_c3961 _d3961 |
||